01045nam a2200289Ia 450000500170000000800410001702000190005810000360007724501180011325000200023130000270025149000170027853400400029565000430033565000480037865000340042665000390046070000600049994200150055926400320057433600270060633700330063333800280066604000350069408400110072999900150074020220317001104.0160825s9999 xx 000 0 und d a978847888760121 aRowling, Joanne Kathleend1965-10aHarry Potter y el cáliz de fuegocJ.K. Rowling ; traducido por Adolfo Muñoz García y Nieves Martín Azofra a11a. edición  a635 páginas c20 cm  aHarry Potter tHarry Potter and the globet of fire142LEMBaNovela juvenil inglesaySiglo XX142LEMB aLiteratura juvenil inglesaySiglo XX142LEMB aMagia en la literatura142LEMB aBrujería en la literatura1 aMuñoz García, Adolfo Martín Azofra, Nieves918993 2loccBKLIT aBarcelonabSalamandrac2007 atextobtxt2rdacontent asin mediaciónbn2rdamedia avolumenbnc2rdacarrier aCO-BoRNBPbspaerdacCO-BoRNBP aN ROW1 c5890d5890